Незаличими спомени (Запис номер 521488)
[ съкратено ]
| 000 -Лидер | |
|---|---|
| Лидер | 00992nam a2200241 a 4500 |
| 003 - Код на организацията, давaща контролен номер | |
| Код на организацията, даваща контролен номер | BLK |
| 005 - Дата и час на последна редакция | |
| Дата и час на последна редакция | 20241108094604.0 |
| 008 - Елементи от данни с фиксирана дължина | |
| Елементи с фиксирана дължина | 230404b bu |||||||||| 00| | bu d |
| 020 ## - Международен стандартен номер на книга ISBN | |
| ISBN | 9786192051907 |
| 040 ## - Източник на каталожния запис | |
| Код на библиотеката | BLK |
| 041 ## - Код за език | |
| Език | Български |
| Език за КДБФ | Български |
| 080 ## - УДК | |
| УДК текст | Българска литература |
| УДК код | 821.163.2 |
| УДК – определител | -1 |
| УДК – код + определител | 821.163.2-1 |
| 100 ## - Редна дума - Автор | |
| R(LIN) | 1299 |
| Автор | Даскалова, Венета Константинова |
| 245 ## - Сведения за заглавието | |
| Заглавие | Незаличими спомени |
| Подзаглавни данни | Лирика |
| Авторска отговорност | Венета Константинова Даскалова |
| 260 ## - Област на издателските данни | |
| 9 (RLIN) | 215318 |
| Място на издаване | В. Търново |
| Име на издателя | ИВИС |
| Година на издаване | 2023 |
| Издателство - префикс ISBN | 978-954-2968- ; 978-954-8387- |
| 300 ## - Физическа характеристика | |
| Брой страници | 148 с. |
| Илюстрации | с портр. |
| Размер | 20 см |
| 380 ## - Жанр | |
| Жанр | Худож. лит. |
| 500 ## - Общи забележки | |
| Обща забележка | Автобиография на Венета Константинова Даскалова: с. 134-139 |
| 856 ## - Електронен адрес и достъп | |
| Инструкция (цена за достъп) | 0.00 |
| Права за достъп | disable |
| 942 ## - АРТИКУЛИ | |
| Вид на библиотечния документ | Книги |
| Скрит в OPAC | Не |
| 944 ## - СЪЗДАВАНЕ И РЕДАКЦИЯ на ЗАПИСА | |
| Дата на регистрацията/редакция | Кети Илиева |
| Служител, извършил регистрацията/редакцията | 30550 |
| Създаване/Редакция | |
| Номер на служител | Кети Илиева |
| 999 ## - СИСТЕМНИ КОНТРОЛНИ НОМЕРА | |
| Koha biblionumber | 521488 |
| Koha biblioitemnumber | 521488 |
| Код за отписване | Код за изгубен артикул | Източник на класификационната схема | Код за повреда | Коз за рестрикции | Код за отдаване | Артикулен № | Име на библиотеката - собственик | Име на библиотеката, в която се намира в момента | Статус (Текущо местоположение) | Дата на вписване в системата | Местоположение - отдел | Цена в лева | Инвентарен номер | Систематично азбучна сигнатура | Баркод | Цена в евро | Служебен тип на артикула |
|---|---|---|---|---|---|---|---|---|---|---|---|---|---|---|---|---|---|
| Не е изгубен | Universal Decimal Classification | Не е повреден | само за читалня | ползва се в читалня | 976164 | Регионална библиотека "Любен Каравелов" Русе | Регионална библиотека "Любен Каравелов" Русе | Хранилище | 2025-06-13 | Основен фонд - ползва се само за читалня | 10.00 | 120000920579 | Цб 327117 | 120000920579 | 5.11 | Книги |